000 00892nam a2200349Ia 4500
008 170203s9999 xx 000 0 und d
020 _a0-590251694
050 _aFic
050 _bM379h
100 _aMartin, Ann M.
245 _aHello, Mallory /
245 _cAnn M. Martin.
260 _aNew York :
260 _bScholastic,
260 _c1988
300 _a139 pages :
300 _billustrations ;
300 _c20 cm.
440 _aThe Babysitters club.
440 _v#14.
500 _a"An Apple paperback."
650 _aBabysitters --
650 _aBabysitters Club (Imaginary organization) --
650 _aClubs --
650 _aFriendship --
650 _aRace relations --
650 _xJuvenile fiction.
650 _xJuvenile fiction.
650 _xJuvenile fiction.
650 _xJuvenile fiction.
650 _xJuvenile fiction.
999 _c306567
_d306567